Statistics for 3 Largest cities in UK,US,Germany,France &Italy:start with M

Click here to take the quiz!

General Stats

  • This quiz has been taken 222 times
  • The average score is 7 of 15

Answer Stats

HintAnswer% Correct
UKManchester
93%
FranceMarseille
93%
ItalyMilan
92%
GermanyMunich
88%
FranceMontpellier
54%
GermanyMannheim
49%
ItalyModena
44%
USAMemphis
41%
ItalyMessina
40%
USAMilwaukee
37%
GermanyMunster
29%
FranceMetz
26%
UKMiddlesbrough
25%
UKMilton Keynes
15%
USAMesa
14%

Score Distribution

Percentile by Number Answered

Percent of People with Each Score

Your Score History

You have not taken this quiz